| 000 -LEADER |
| fixed length control field |
02690cam a2200529 i 4500 |
| 001 - CONTROL NUMBER |
| control field |
20456341 |
| 003 - CONTROL NUMBER IDENTIFIER |
| control field |
NUST |
| 005 - DATE AND TIME OF LATEST TRANSACTION |
| control field |
20220828155716.0 |
| 008 - FIXED-LENGTH DATA ELEMENTS--GENERAL INFORMATION |
| fixed length control field |
180417t20182018moua 000 0 eng d |
| 010 ## - LIBRARY OF CONGRESS CONTROL NUMBER |
| LC control number |
2018941651 |
| 020 ## - INTERNATIONAL STANDARD BOOK NUMBER |
| International Standard Book Number |
9781449476076 |
| Qualifying information |
(paperback) |
| 020 ## - INTERNATIONAL STANDARD BOOK NUMBER |
| International Standard Book Number |
1449476074 |
| Qualifying information |
(paperback) |
| 024 1# - OTHER STANDARD IDENTIFIER |
| Standard number or code |
050837352940 |
| 035 ## - SYSTEM CONTROL NUMBER |
| System control number |
(OCoLC)on1028881934 |
| 038 ## - RECORD CONTENT LICENSOR |
| Staff Name |
Azhar |
| 040 ## - CATALOGING SOURCE |
| Original cataloging agency |
YDX |
| Language of cataloging |
eng |
| Transcribing agency |
YDX |
| Description conventions |
rda |
| Modifying agency |
BDX |
| -- |
SFR |
| -- |
UOK |
| -- |
FNN |
| -- |
CGP |
| -- |
QQ3 |
| -- |
OCLCF |
| -- |
GP5 |
| -- |
JTH |
| -- |
WC$ |
| -- |
IGA |
| -- |
GO3 |
| -- |
FDB |
| -- |
OCLCO |
| -- |
BGI |
| -- |
NMW |
| -- |
NZIPP |
| -- |
OCLCO |
| -- |
B@L |
| -- |
SINLB |
| -- |
OCLCO |
| -- |
DLC |
| 042 ## - AUTHENTICATION CODE |
| Authentication code |
lccopycat |
| 050 00 - LIBRARY OF CONGRESS CALL NUMBER |
| Classification number |
PN6231.S83 |
| Item number |
C66 2018 |
| 082 04 - DEWEY DECIMAL CLASSIFICATION NUMBER |
| Classification number |
650.1082 |
| Edition number |
23 |
| Author Mark |
COO |
| 100 1# - MAIN ENTRY--PERSONAL NAME |
| Personal name |
Cooper, Sarah |
| Titles and words associated with a name |
(Writer on leadership), |
| Relator term |
author. |
| 9 (RLIN) |
94699 |
| 245 10 - TITLE STATEMENT |
| Title |
How to be successful without hurting men's feelings : |
| Remainder of title |
non-threatening leadership strategies for women |
| Statement of responsibility, etc. |
Sarah Cooper. |
| 260 ## - PUBLICATION, DISTRIBUTION, ETC. |
| Place of publication, distribution, etc. |
Kansas City, Missouri : |
| Name of publisher, distributor, etc. |
Andrews McMeel Publishing, |
| Date of publication, distribution, etc. |
[2018] |
| 300 ## - PHYSICAL DESCRIPTION |
| Extent |
209 pages : |
| Other physical details |
color illustrations ; |
| Dimensions |
18 cm |
| 336 ## - CONTENT TYPE |
| Content type term |
text |
| Content type code |
txt |
| Source |
rdacontent |
| 336 ## - CONTENT TYPE |
| Content type term |
still image |
| Content type code |
sti |
| Source |
rdacontent |
| 337 ## - MEDIA TYPE |
| Media type term |
unmediated |
| Media type code |
n |
| Source |
rdamedia |
| 338 ## - CARRIER TYPE |
| Carrier type term |
volume |
| Carrier type code |
nc |
| Source |
rdacarrier |
| 505 0# - FORMATTED CONTENTS NOTE |
| Formatted contents note |
Dreams -- Communication -- Ambition -- Authenticity -- Diversity -- Leadership -- Negotiation -- Harassment -- Success -- Allies -- Entrepreneurship -- Self-care. |
| 520 ## - SUMMARY, ETC. |
| Summary, etc. |
"Ambitious women are so scary. In this fast-paced business world, female leaders need to make sure they're not perceived as pushy, aggressive, or competent. In How to Be Successful Without Hurting Men's Feelings, Sarah Cooper, author of the bestselling 100 Tricks to Appear Smart in Meetings, illustrates how women can achieve their dreams, succeed in their careers, and become leaders, without harming the fragile male ego"-- |
| Assigning source |
Publisher's description. |
| 563 ## - BINDING INFORMATION |
| Binding note |
PB |
| 650 #0 - SUBJECT ADDED ENTRY--TOPICAL TERM |
| Topical term or geographic name entry element |
Women |
| General subdivision |
Employment |
| Form subdivision |
Humor. |
| 9 (RLIN) |
94700 |
| 650 #0 - SUBJECT ADDED ENTRY--TOPICAL TERM |
| Topical term or geographic name entry element |
Businesswomen |
| Form subdivision |
Humor. |
| 9 (RLIN) |
94701 |
| 650 #0 - SUBJECT ADDED ENTRY--TOPICAL TERM |
| Topical term or geographic name entry element |
Career development |
| Form subdivision |
Humor. |
| 9 (RLIN) |
94702 |
| 650 #0 - SUBJECT ADDED ENTRY--TOPICAL TERM |
| Topical term or geographic name entry element |
Success in business |
| Form subdivision |
Humor. |
| 9 (RLIN) |
94703 |
| 650 #7 - SUBJECT ADDED ENTRY--TOPICAL TERM |
| Topical term or geographic name entry element |
BUSINESS & ECONOMICS / Women in Business. |
| Source of heading or term |
bisacsh |
| 9 (RLIN) |
94704 |
| 650 #7 - SUBJECT ADDED ENTRY--TOPICAL TERM |
| Topical term or geographic name entry element |
HUMOR / Business & Professional. |
| Source of heading or term |
bisacsh |
| 9 (RLIN) |
94705 |
| 650 #7 - SUBJECT ADDED ENTRY--TOPICAL TERM |
| Topical term or geographic name entry element |
HUMOR / Parodies. |
| Source of heading or term |
bisacsh |
| 9 (RLIN) |
94706 |
| 650 #7 - SUBJECT ADDED ENTRY--TOPICAL TERM |
| Topical term or geographic name entry element |
Businesswomen. |
| Source of heading or term |
fast |
| Authority record control number or standard number |
(OCoLC)fst00843013 |
| 9 (RLIN) |
94707 |
| 650 #7 - SUBJECT ADDED ENTRY--TOPICAL TERM |
| Topical term or geographic name entry element |
Career development. |
| Source of heading or term |
fast |
| Authority record control number or standard number |
(OCoLC)fst00847280 |
| 650 #7 - SUBJECT ADDED ENTRY--TOPICAL TERM |
| Topical term or geographic name entry element |
Success in business. |
| Source of heading or term |
fast |
| Authority record control number or standard number |
(OCoLC)fst01137062 |
| 650 #7 - SUBJECT ADDED ENTRY--TOPICAL TERM |
| Topical term or geographic name entry element |
Women |
| General subdivision |
Employment. |
| Source of heading or term |
fast |
| Authority record control number or standard number |
(OCoLC)fst01176715 |
| 9 (RLIN) |
7565 |
| 655 #7 - INDEX TERM--GENRE/FORM |
| Genre/form data or focus term |
Humor. |
| Source of term |
fast |
| 9 (RLIN) |
94708 |
| 655 #7 - INDEX TERM--GENRE/FORM |
| Genre/form data or focus term |
Humor. |
| Source of term |
lcgft |
| 9 (RLIN) |
94708 |
| 906 ## - LOCAL DATA ELEMENT F, LDF (RLIN) |
| a |
7 |
| b |
cbc |
| c |
copycat |
| d |
2 |
| e |
epcn |
| f |
20 |
| g |
y-gencatlg |
| 942 ## - ADDED ENTRY ELEMENTS (KOHA) |
| Source of classification or shelving scheme |
|
| Koha item type |
Lincoln Corner |